[Event "Slaviansk na Kubani op"]
[Site "Slaviansk na Kubani"]
[Date "2002.??.??"]
[Round "?"]
[White "Spirin, Oleg"]
[Black "Mokropolov, Mikael"]
[Result "1-0"]
[WhiteElo "2288"]
[BlackElo "2201"]
[PlyCount "53"]
[EventDate "2002.??.??"]
[EventType "swiss"]
[EventRounds "9"]
[EventCountry "RUS"]
[SourceTitle "EXT 2003"]
[Source "ChessBase"]
[SourceDate "2002.11.25"]
[SourceVersion "1"]
[SourceVersionDate "2002.11.25"]
[SourceQuality "1"]

1. d4 Nf6 2. c4 c5 3. d5 b5 4. cxb5 a6 5. bxa6 Bxa6 6. Nc3 d6 7. Nf3 g6 8. e4 Bxf1 9. Kxf1 Bg7 10. h3 0-0 11. Kg1 Nbd7 12. Kh2 Qa5 13. Re1 Rfb8 14. Re2 Nb6 15. Qc2 Na4 16. Nd1 Nd7 17. Rb1 Qb5 18. Bg5 Kf8 19. Qd2 Nab6 20. b3 Nc4 21. Qe1 Nde5 22. Nxe5 Nxe5 23. Ne3 h6 24. Bh4 Nd3 25. Qd1 Nb4 26. a4 Qd3 27. Nc4 1-0